000 00384nam a2200145Ia 4500
008 230917s9999||||xx |||||||||||||| ||und||
040 _e34978
_aMAIN
041 _aEnglish
082 _a341.23 L96I
100 _aLuard, Evan
245 0 _aInternational agencies: the emerging framework of Independence
260 _aLondon
_bMacmillan
_c1977
300 _axii, 338 p.
942 _cBK
999 _c207317
_d207317